000 00246 a2200097 4500
001 28857
100 _aAmes, W F
245 _aNonlinear Ordinary Equations in Transportation Processes
260 _a
_bAcademic Press
_c1968
090 _c19303
_d19303
942 _aNUST-CAE
_cM
_c10340
999 _c263930
_d263930